Intelligent automatization of user interface in medical domain

Guardado en:
Detalles Bibliográficos
Autor principal: Pikartová, Adriana (Autor)
Otros Autores: Dubovský, Martin (Orientador)
Formato: Manuscrito Libro
Lenguaje:eslovaco
inglés
Publicado: 2025
Materias:
Acceso en línea:http://is.stuba.sk/zp/portal_zp.pl?podrobnosti=175344
Etiquetas: Agregar Etiqueta
Sin Etiquetas, Sea el primero en etiquetar este registro!

MARC

LEADER 00000ntm a22000003a 4500
001 stuzp102931
003 SK-STU
005 20250614211837.5
007 ta
008 150427s2015----xo-----f-mn---000-0-slo-d
040 |a STU  |b slo 
041 0 |a eng 
100 1 |a Pikartová, Adriana  |u 070400  |4 aut  |U FIIT Fakulta informatiky a informačných technológií  |T FIIT Ústav počítačového inžinierstva a aplikovanej informatiky  |X 120865  |U I400  |Y 672  |7 120865 
242 0 1 |a Inteligentná automatizácia používateľského rozhrania v oblasti medicíny  |y slo 
245 1 0 |a Intelligent automatization of user interface in medical domain 
260 |c 2025 
650 4 |a Intelligent assistant  |2 eng 
650 4 |a Large Language Models  |2 eng 
650 4 |a User Experience  |2 eng 
650 4 |a Human-AI Interaction  |2 eng 
650 4 |a Veľké jazykové modely  |2 slo 
650 4 |a Používateľská skúsenosť  |2 slo 
650 4 |a Interakcia človeka s umelou inteligenciou  |2 slo 
650 4 |a Inteligentný asistent  |2 slo 
700 1 |a Dubovský, Martin  |u 070400  |k Z3  |4 ths  |U FIIT Fakulta informatiky a informačných technológií  |T FIIT Ústav počítačového inžinierstva a aplikovanej informatiky  |X 51167  |U I400  |Y 672  |7 51167 
856 4 |u http://is.stuba.sk/zp/portal_zp.pl?podrobnosti=175344